Estratificación, movilidad social y etnicidad en Bolivia /

Salvato in:
Dettagli Bibliografici
Autore principale: Gray Molina, George
Altri autori: Yáñez, Ernesto, Casanovas, Lucía, Espinoza, Patricia, Loayza, Natasha
Natura: testo
Tags: Aggiungi Tag
Nessun Tag, puoi essere il primo ad aggiungerne!!

MARC

LEADER 00000 a a2200000 04500
001 47257
003
040
100 |a Gray Molina, George  
245 |a Estratificación, movilidad social y etnicidad en Bolivia /  |c George Gray Molina, Ernesto Yáñez, Lucía Casanovas, Patricia Espinoza, Natasha Loayza  
700 |a Yáñez, Ernesto  
700 |a Casanovas, Lucía  
700 |a Espinoza, Patricia  
700 |a Loayza, Natasha  
773 |g páginas 513-555  
999 |c 22767  |d 22767